Η θεσμοθέτηση των ευθειών γραμμών βάσεως στη Σύμβαση του Δικαίου της Θάλασσας : η εφαρμογή τους στην Ελλάδα και τα οφέλη που θα αποκομίσει : διπλωματική εργασία

Αποθηκεύτηκε σε:
Λεπτομέρειες βιβλιογραφικής εγγραφής
Κύριος συγγραφέας: Καραμαλίγκα, Άννα-Μαρία
Συγγραφή απο Οργανισμό/Αρχή: Πανεπιστήμιο Αιγαίου Σχολή Επιστημών της Διοίκησης Τμήμα Ναυτιλίας και Επιχειρηματικών Υπηρεσιών Πρόγραμμα Μεταπτυχιακών Σπουδών "Ναυτιλία, Μεταφορές και Διεθνές Εμπόριο - ΝΑ.Μ.Ε."
Άλλοι συγγραφείς: Λίτινας, Νικόλαος (Εισηγητής διατριβής), Σιούσιουρας, Πέτρος Π. (Εισηγητής διατριβής)
Μορφή: Thesis Βιβλίο
Γλώσσα:Greek
Δημοσίευση: 2005
Θέματα:
Διαθέσιμο Online:http://hdl.handle.net/11610/12977
Ετικέτες: Προσθήκη ετικέτας
Δεν υπάρχουν, Καταχωρήστε ετικέτα πρώτοι!

MARC

LEADER 00000cam a2200000 i 4500
001 1/36832
008 061103s2005 gre d
035 |l 10085921 
040 |a GR-MY-UA  |b gre  |e aacr 
041 0 |a gre 
082 0 |a 341.448  |2 (22) 
100 1 |a Καραμαλίγκα, Άννα-Μαρία. 
245 1 2 |a Η θεσμοθέτηση των ευθειών γραμμών βάσεως στη Σύμβαση του Δικαίου της Θάλασσας :  |b η εφαρμογή τους στην Ελλάδα και τα οφέλη που θα αποκομίσει : διπλωματική εργασία /  |c Καραμαλίγκα Άννα - Μαρία ; επιβλέπων Σιούσιουρας Πέτρος ; διευθυντής σπουδών Λίτινας Νικόλαος 
260 |c 2005 
300 |a 1τ.;  |b χάρτες;  |c 30 εκ. 
502 # # |a Διατριβή (μεταπτυχιακή) – Πανεπιστήμιο Αιγαίου, Χίος, 2005. 
504 |a Περιλαμβάνει βιβλιογραφία 
610 2 0 |a Πανεπιστήμιο Αιγαίου. 
650 0 0 |a Law of the sea. 
650 0 0 |a Territorial waters. 
650 0 0 |a Dissertations, Academic  |z Greece. 
700 1 |a Λίτινας, Νικόλαος.  |4 ths 
700 1 |4 ths  |a Σιούσιουρας, Πέτρος Π. 
710 1 |a Πανεπιστήμιο Αιγαίου  |b Σχολή Επιστημών της Διοίκησης  |b Τμήμα Ναυτιλίας και Επιχειρηματικών Υπηρεσιών  |b Πρόγραμμα Μεταπτυχιακών Σπουδών "Ναυτιλία, Μεταφορές και Διεθνές Εμπόριο - ΝΑ.Μ.Ε.". 
852 |a INST  |b CHIOS  |c DIATR  |e 20061103  |h 341.448 ΚΑΡ  |p 005200024513  |q 005200024513  |t MTXE  |y 23 
852 |a INST  |b CHIOS  |c DIATR  |e 20061103  |h 341.448 ΚΑΡ  |p 005200024515  |q 005200024515  |t MTXE  |y 23 
856 |u http://hdl.handle.net/11610/12977  
901 |a BIBL2-2006-3 
909 |a Χ  |b 119721 
909 |a Χ  |b 119722 
924 |a ΚΑΡΑΜΑΛΙΓΚΑ  |b ΑΝΝΑ - ΜΑΡΙΑ  |y ΧΙΟΣ  |z 2005-10 
970 |a ΒΑΣΙΛΑΚΗ  |b ΝΙΚΗ  |z 2006/11/03